Könyvismertetés

Elmentve itt :
Bibliográfiai részletek
Szerzők: Harkayné Vinkler Margit
Molnár Pál
További közreműködők: Szabó S. András
Lásztity Radomir
Törley Dezső
Dokumentumtípus: Cikk
Megjelent: Pallas Lap- és Könyvkiadó Vállalat Budapest 1987
Sorozat:Élelmiszervizsgálati közlemények 33 No. 4
Kulcsszavak:Radioaktív szennyeződés - környezetvédelem - könyvismertetés, Radioaktív szennyeződés - mezőgazdaság - élelmiszeripar - könyvismertetés, Élelmiszerkémia - könyvismertetés
Tárgyszavak:
Online Access:http://acta.bibl.u-szeged.hu/80270
LEADER 01155nab a2200265 i 4500
001 acta80270
005 20230826104843.0
008 230821s1987 hu o 0|| hun d
022 |a 0422-9576 
040 |a SZTE Egyetemi Kiadványok Repozitórium  |b hun 
041 |a hun 
100 2 |a Harkayné Vinkler Margit 
245 1 0 |a Könyvismertetés  |h [elektronikus dokumentum] /  |c  Harkayné Vinkler Margit 
260 |a Pallas Lap- és Könyvkiadó Vállalat  |b Budapest  |c 1987 
300 |a 255-256 
490 0 |a Élelmiszervizsgálati közlemények  |v 33 No. 4 
650 4 |a Műszaki és technológiai tudományok 
650 4 |a Egyéb műszaki tudományok és technológiák 
650 4 |a Élelmiszer és italfélék 
695 |a Radioaktív szennyeződés - környezetvédelem - könyvismertetés, Radioaktív szennyeződés - mezőgazdaság - élelmiszeripar - könyvismertetés, Élelmiszerkémia - könyvismertetés 
700 0 1 |a Szabó S. András 
700 0 1 |a Lásztity Radomir 
700 0 1 |a Törley Dezső 
700 0 1 |a Molnár Pál  |e aut 
856 4 0 |u http://acta.bibl.u-szeged.hu/80270/1/elelmiszervizsgalati_kozlemenyek_1987_04_255-256.pdf  |z Dokumentum-elérés